Tuyển chọn các bài tập ngôn ngữ lập trình C: Giáo trình

保存先:
書誌詳細
第一著者: Tăng Kim Quang
フォーマット: 図書
言語:Undetermined
出版事項: Hà Nội Thống Kê 1999
主題:
タグ: タグ追加
タグなし, このレコードへの初めてのタグを付けませんか!
Thư viện lưu trữ: Trung tâm Học liệu Trường Đại học Cần Thơ
LEADER 00613nam a2200181Ia 4500
001 CTU_32650
008 210402s9999 xx 000 0 und d
082 |a 005.133 
082 |b Qu108 
100 |a Tăng Kim Quang 
245 0 |a Tuyển chọn các bài tập ngôn ngữ lập trình C: 
245 0 |b Giáo trình 
245 0 |c Tăng Kim Quang, Nguyễn Công Bình, Lê Minh Trung 
260 |a Hà Nội 
260 |b Thống Kê 
260 |c 1999 
650 |a c ( computer program language ) - problems, exercises, etc 
980 |a Trung tâm Học liệu Trường Đại học Cần Thơ